| 000 | 00891nam a2200241Ia 4500 | ||
|---|---|---|---|
| 003 | GCL | ||
| 008 | 140319s9999 xx 000 0 ara d | ||
| 020 | _a7610208977 | ||
| 040 |
_aGCL / _cGCL |
||
| 082 | 0 | 4 |
_a296.09 _bب و |
| 100 | 1 | _aبهاء الامير | |
| 245 | 1 | 0 |
_aالوحى ونقيضه : _bبروتوكولات حكماء صهيون فى القرآن - حقيقتها وخفاياها وأدلة صحتها / _cبهاء الامير |
| 250 | _aالاولى | ||
| 260 |
_aالقاهرة : _bمكتبة مدبولى ، _c2006 |
||
| 300 |
_a787 ص ؛ _c24 سم |
||
| 650 | 0 | 4 | _aالنزاع العربى الاسرائيلى |
| 650 | 0 | 4 | _aاليهود |
| 650 | 0 | 4 | _aالدعاية الصهيونية |
| 650 | 0 | 4 | _aبروتوكولات حكماء صهيون |
| 650 | 0 | 4 | _aالصهيونية واليهودية |
| 650 | 0 | 4 | _aاليهودية - تاريخ |
| 942 |
_2ddc _cBK |
||
| 999 |
_c9520 _d9520 |
||